Countries & Capitals of Oceania - Statistics

General Stats
  • This quiz has been taken 162 times
  • The average score is 24 of 28
Answer Stats
Continent Country/Capital % Correct
Oceania Australia
100%
Oceania Canberra
99%
Oceania Fiji
98%
Oceania New Zealand
97%
Oceania Micronesia
96%
Oceania Samoa
94%
Oceania Tuvalu
93%
Oceania Vanuatu
93%
Oceania Wellington
93%
Oceania Kiribati
92%
Oceania Tonga
92%
Oceania Marshall Islands
91%
Oceania Papua New Guinea
91%
Oceania Nauru
90%
Oceania Palau
89%
Oceania Solomon Islands
89%
Oceania Suva
86%
Oceania Port Moresby
84%
Oceania Funafuti
81%
Oceania Yaren
78%
Oceania Palikir
77%
Oceania Port Vila
77%
Oceania Apia
74%
Oceania Nuku'alofa
74%
Oceania Honiara
72%
Oceania Majuro
70%
Oceania Ngerulmud
68%
Oceania Tarawa
68%
No matching quizzes found
Score Distribution
Percent of People with Each Score
Percentile by Number Answered
Your Score History
You have not taken this quiz